Historia por Letra - P - Estadísticas

Estadísticas generales
  • Esta prueba ha sido intentada 5.994 veces
  • La puntuación promedio es 11 de 18
Estadísticas de respuestas
Pista Respuesta % Correcto
Enfermedad que mató a más de 1/3 de Europa en el siglo XIV Peste Negra
93%
El maestro de Aristóteles Platón
92%
El canal que fue terminado en 1914 Panamá
91%
El veneciano que escribió sobre sus viajes a China en el siglo XIII Marco Polo
83%
La ciudad romana que fue destruida por la erupción del Monte Vesubio Pompeya
81%
Material de escritura del antiguo Egipto Papiro
80%
Templo en la acrópolis de Atenas Partenón
76%
Cofundador del cubismo Pablo Picasso
67%
Objetivo japonés el 7 de diciembre de 1941 Pearl Harbor
66%
Conquistador de los Incas Francisco Pizarro
58%
País germánico, conocido por su eficiente ejército Prusia
58%
El imperio que fue gobernado por Ciro y Jerjes Persia
53%
"Grande" zar de Rusia Pedro
49%
Palacio imperial chino, 1420-1912 Ciudad {Prohibida}
48%
El país que alguna vez dominó el comercio de especias Países Bajos
28%
La era de los Estados Unidos cuando se prohibió la venta de alcohol Prohibición
27%
La tribu celta de la antigua Escocia Pictos
16%
Nombre de dos primeros ministros británicos, el viejo y el joven William Pitt
7%
No se encontraron pruebas coincidentes
Distribución de puntuación
Porcentaje de gente con cada puntuación
Porcentaje por número respondido
Historial de tus puntuaciones
No has intentado esta prueba.